Länder dessen Bevölkerung Deutsch als Muttersprache spricht - Statistiken

Allgemein
  • Dieses Quiz wurde 379 mal gespielt
  • Das Durchschnittsergebnis liegt bei 13 aus 20
Antwortstatistiken
Anzahl der Muttersprachler ca. Antwort % Korrekt
75.000.000 Deutschland
100%
8.000.000 Österreich
99%
5.500.000 Schweiz
99%
81.000 Belgien
92%
491.000 Polen
88%
29.000 Dänemark
87%
15.000 Luxemburg
87%
296.000 Italien
83%
53.000 Tschechien
83%
1.991.000 USA
83%
37.000 Liechtenstein
74%
2.152.000 Russland
73%
497.000 Kanada
69%
1.072.000 Brasilien
55%
68.000 Ungarn
55%
23.000 Namibia
43%
76.000 Rumänien
38%
589.000 Kasachstan
22%
60.000 Paraguay
12%
13.000 Belize
1%
Keine übereinstimmenden Quizze gefunden
Verteilung der Resultate
Anzahl Personen mit jedem Resultat
Perzentil nach korrekt beantworteten Fragen
Ihre Resultats-Entwicklung
Sie haben dieses Quiz noch nicht gespielt